| 000 | 00000nam##2200000za#4500 |
| 001 | 9.640019 |
| 003 | CaOODSP |
| 005 | 20210624222449 |
| 007 | cr ||||||||||| |
| 008 | 150407|2000||||xxc|||||o f|0| 0 fre|d |
| 040 | |aCaOODSP|bfre |
| 043 | |an-cn--- |
| 086 | 1 |aSC94-76/2000F-PDF |
| 110 | 1 |aCanada.|bCentre canadien de gestion. |
| 245 | 13|aLa mise en oeuvre de l'entente-cadre sur l'union sociale : |h[ressource électronique]|bun outil d'apprentissage et de référence / |c[par] John McLean et Geoff Dinsdale. |
| 246 | 3 |aTable ronde du CCG sur la mise en oeuvre de l'entente-cadre sur l'union sociale |
| 260 | |aOttawa - Ontario : |bCentre canadien de gestion |c2000. |
| 300 | |a69p.|bfigures, glossaire, références |
| 500 | |aLe n° de catalogue (SC94-76/2000) et l'ISBN (0-662-65410-2) de l'édition imprimée bilingue ont été incorrectement copiés dans l'édition électronique. |
| 520 | 3 |aCette publication est conçue dans le but d'aider les fonctionnaires à promouvoir l'esprit et l'intention de l'Entente-cadre sur l'union sociale (ECUS) - une entente entre le gouvernement fédéral, neuf provinces et deux territoires en vue d'améliorer les politiques et les programmes sociaux au Canada. Elle décrit le contexte qui a mené à la signature de l'ECUS; l'ECUS et ses principes directeurs; comment l'ECUS est reliée au travail des fonctionnaires, en particulier ceux qui Ĺ“uvrent au niveau des politiques et des programmes sociaux; ainsi que l'évolution récente et les ressources supplémentaires. Le document a été publié par le Centre canadien de gestion en 2000. |
| 590 | |a12-16-Supp|b2012-04-17 |
| 691 | 07|aAccord fédéral-provincial|2gcpds |
| 691 | 07|aAccord fédéral-territorial|2gcpds |
| 691 | 07|aCommerce intérieur|2gcpds |
| 691 | 07|aPolitique sociale|2gcpds |
| 720 | 1 |aMcLean, John |
| 720 | 1 |aDinsdale, Geoff |
| 775 | 08|tImplementing the social union framework agreement : |w(CaOODSP)9.695898 |
| 776 | 0#|tImplementing the Social Union Framework Agreement : |w(CaOODSP)9.662399 |
| 776 | 0#|tLa mise en oeuvre de l'Entente-cadre sur l'union sociale : |w(CaOODSP)9.662400 |
| 856 | 40|ahttp://publications.gc.ca|qPDF|s820 Ko|uhttps://publications.gc.ca/collections/Collection/SC94-76-2000F.pdf |